El nuevo carácter del capitalismo en la Argentina.Respuesta a una crítica (Registro nro. 16235)

Detalles MARC
000 -LEADER
fixed length control field 00401 a2200121 4500
001 - CONTROL NUMBER
control field ART_3203
005 - DATE AND TIME OF LATEST TRANSACTION
control field 20260410161713.0
008 - FIXED-LENGTH DATA ELEMENTS--GENERAL INFORMATION
fixed length control field 260409a
100 1# - MAIN ENTRY--PERSONAL NAME
Personal name Gerchunoff, Pablo
245 10 - TITLE STATEMENT
Title El nuevo carácter del capitalismo en la Argentina.Respuesta a una crítica
700 1# - ADDED ENTRY--PERSONAL NAME
Personal name Llach, Juan José
773 0# - HOST ITEM ENTRY
Title Desarrollo económico
Related parts - Vol. 15, Nº 60 (ene./mar. 1976)
Record control number REV1174

No hay ítems disponibles.